Language Quiz

Random Language Quiz

5-Letter 'A' Words Quiz Stats

 Plays Quiz not verified by Sporcle

Support Sporcle.
Go Orange.
Score 0/30 Timer 08:00
0 Plays Today
Word % Correct
Arise
85.7%
Arose
85.7%
Adore
64.3%
Aimer
64.3%
Arson
64.3%
Aider
57.1%
Anion
57.1%
Aside
57.1%
Adios
35.7%
Admit
35.7%
Adorn
28.6%
Amend
28.6%
Antes
28.6%
Atone
28.6%
Amnio
21.4%
Word % Correct
Aster
14.3%
Astir
14.3%
Amide
7.1%
Amine
7.1%
Amino
7.1%
Amort
7.1%
Andro
7.1%
Anise
7.1%
Antre
7.1%
Ament
0%
Amido
0%
Anent
0%
Anime
0%
Armet
0%
Aroid
0%

You're not logged in!

Compare scores with friends on all Sporcle quizzes.
OR
Log In

From the Vault

Countries Ending in 'Y'

by b4ustar8

'Y' do things always end this way?
Remove Ads.
Support Sporcle.
Get the best of Sporcle when you Go Orange. This ad-free experience offers more features, more stats, and more fun while also helping to support Sporcle. Thank you for becoming a member.

Show Comments

Extras

Created Feb 22, 2011ReportNominate
Tags:anagrams, demonstration

Top Quizzes Today


Score Distribution

Your Account Isn't Verified!

In order to create a playlist on Sporcle, you need to verify the email address you used during registration. Go to your Sporcle Settings to finish the process.

Report this User

Report this user for behavior that violates our Community Guidelines.

Details: